La relatividad ontológica y otros ensayos
Saved in:
| Main Author: | |
|---|---|
| Format: | Book |
| Language: | Spanish |
| Published: |
Madrid
Tecnos
1974
|
| Series: | Serie de Filosofía y Ensayo
|
| Subjects: | |
| Tags: |
Add Tag
No Tags, Be the first to tag this record!
|
MARC
| LEADER | 00000nam a2200000 a 4500 | ||
|---|---|---|---|
| 001 | UCS9137 | ||
| 003 | CL-VaPUC | ||
| 008 | 971113e19740000SP |||||||||||||||||spa|d | ||
| 082 | 0 | 4 | |a 111 |b VAN |2 21 |
| 100 | 0 | |a Van Orman Quine, Willard |e author |9 394081 | |
| 245 | 1 | 3 | |a La relatividad ontológica y otros ensayos |
| 300 | |a 206 p | ||
| 942 | |c BK | ||
| 945 | |d 19971113 00:00:00 |a rleighto | ||
| 260 | |a Madrid |b Tecnos |c 1974 | ||
| 650 | 0 | |a Ontología |9 256850 | |
| 650 | 0 | |a Epistemología |9 264994 | |
| 650 | 0 | |a Existencialismo |9 265698 | |
| 650 | 0 | |a Filosofía |9 223554 | |
| 583 | |a last modification |c 19971113 00:00:00 |k Rodrigo Vera | ||
| 490 | 0 | |a Serie de Filosofía y Ensayo | |
| 999 | |c 263146 |d 263144 | ||
| 952 | |0 0 |1 0 |4 0 |6 111_000000000000000_VAN_1974 |7 0 |8 P |9 292247 |a BIBEDU |b BIBEDU |c BIBEDU_PB |d 2019-11-19 |i 3362388 |o 111 VAN 1974 |p 3362388 |r 2024-01-25 |w 2019-11-19 |y BK |k FIL | ||